| 000 | 00893nam a22002657a 4500 | ||
|---|---|---|---|
| 001 | 28490 | ||
| 003 | UA-OsUOA | ||
| 005 | 20200729153851.0 | ||
| 007 | ta | ||
| 008 | 20050331b un ||||| |||| 00| 0 ukr d | ||
| 020 | _a9660600933 | ||
| 040 |
_aUA-OsUOA _bukr _cUA-OsUOA _dUA-OsUOA |
||
| 041 | _aukr | ||
| 044 | _aUA | ||
| 080 | _a340(075.8) | ||
| 090 |
_a340(075.8) _bЛ63 |
||
| 100 | _aЛисенков С. Л. | ||
| 245 |
_aОснови правознавства _bнавч. посібник для учнів 9 кл. загальноосвіт. навч. закладів |
||
| 260 |
_aК. _bЛибідь _c2000 |
||
| 300 | _a392 с. | ||
| 650 | 7 |
_2UDC _a340 Право в цілому. Пропедевтика. Методи та допоміжні правничі науки |
|
| 942 |
_cBK _2udc |
||
| 955 | _a0 | ||
| 999 |
_c314859 _d314859 |
||